Financial markets and institutions (Record no. 990066)

MARC details
000 -LEADER
fixed length control field 00981nam a2200301Ia 4500
003 - CONTROL NUMBER IDENTIFIER
control field OSt
005 - DATE AND TIME OF LATEST TRANSACTION
control field 20221005082923.0
008 - FIXED-LENGTH DATA ELEMENTS--GENERAL INFORMATION
fixed length control field 221004b |||||||| |||| 00| 0 eng d
020 ## - INTERNATIONAL STANDARD BOOK NUMBER
International Standard Book Number 0070596212
037 ## - SOURCE OF ACQUISITION
Terms of availability Textual
040 ## - CATALOGING SOURCE
Original cataloging agency CRL
Transcribing agency CRL
Language of cataloging eng
041 ## - LANGUAGE CODE
Source of code eng
Language code of text/sound track or separate title eng
100 ## - MAIN ENTRY--PERSONAL NAME
Personal name Saunders Anthony
245 #0 - TITLE STATEMENT
Title Financial markets and institutions
Remainder of title A modern perspective
250 ## - EDITION STATEMENT
Edition statement 2nd
260 ## - PUBLICATION, DISTRIBUTION, ETC.
Place of publication, distribution, etc. New Delhi
Name of publisher, distributor, etc. Tata McGraw-Hill Publishing Company Limited India
Date of publication, distribution, etc. 2004
300 ## - PHYSICAL DESCRIPTION
Extent 680p.
Dimensions cm.
490 ## - SERIES STATEMENT
Series statement McGraw-Hill/Irwin Series in Finance, Insurance and Real Estate
650 ## - SUBJECT ADDED ENTRY--TOPICAL TERM
Topical term or geographic name entry element ECONOMICS
650 ## - SUBJECT ADDED ENTRY--TOPICAL TERM
Topical term or geographic name entry element FINANCE
700 ## - ADDED ENTRY--PERSONAL NAME
Personal name Cornett Marcia Millon
9 (RLIN) 476131
942 ## - ADDED ENTRY ELEMENTS (KOHA)
Classification part X6.73,d, P4
Koha item type Textual
Source of classification or shelving scheme
Holdings
Withdrawn status Lost status Damaged status Not for loan Home library Current library Date acquired Source of acquisition Cost, normal purchase price Total Checkouts Full call number Barcode Date last seen Cost, replacement price Price effective from Koha item type
        Central Library Central Library 2022-10-05 11201, 29/03/2006, Govinda Book House 395.00   X6.73,d P4 CL1180882 2022-10-05 395.00 2022-10-05 Textual
Copyright @ Delhi University Library System